<A> Model of conflict and cooperation among contemporary nation-states

Gespeichert in:
Bibliographische Detailangaben
1. Verfasser: Ward, Michael Don
Format: Buch
Sprache:Englisch
Veröffentlicht: Berlin Internationales Institut für Vergleichende Gesellschaftsforschung 1982
Tags: Tag hinzufügen
Keine Tags, Fügen Sie das erste Tag hinzu!

MARC

LEADER 00000nam a2200000 4500
001 c114407
005 20190207163842.0
041 0 |a eng 
044 |a DE 
245 1 0 |a <A> Model of conflict and cooperation among contemporary nation-states  |c Michael Don Ward 
264 1 |a Berlin  |b Internationales Institut für Vergleichende Gesellschaftsforschung  |c 1982 
300 |a 37 s. 
100 1 |a Ward, Michael Don